Исследование влияния постоянного магнитного поля на асфальтосмолопарафиновые отложения нефти; Химия и химическая технология в XXI веке; Т. 2

ग्रंथसूची विवरण
Parent link:Химия и химическая технология в XXI веке: материалы XXIV Международной научно-практической конференции студентов и молодых ученых имени выдающихся химиков Л. П. Кулёва и Н. М. Кижнера, посвященной 85-летию со дня рождения профессора А. В. Кравцова, Томск, 15-19 мая 2023 г./ Национальный исследовательский Томский политехнический университет (ТПУ) ; Инженерная школа природных ресурсов ; Инженерная школа новых производственных технологий ; Исследовательская школа химических и биомедицинских технологий ; Инженерная школа ядерных технологий.— , 2023
Т. 2.— 2023.— [С. 53-54]
मुख्य लेखक: Гаврилюк В. М.
निगमित लेखक: Национальный исследовательский Томский политехнический университет Инженерная школа природных ресурсов Отделение химической инженерии
अन्य लेखक: Попок Е. В. Евгений Владимирович (научный руководитель)
सारांश:Заглавие с титульного экрана
भाषा:रूसी
प्रकाशित: 2023
श्रृंखला:Технология и моделирование процессов подготовки и переработки углеводородного сырья
विषय:
ऑनलाइन पहुंच:http://earchive.tpu.ru/handle/11683/76764
स्वरूप: इलेक्ट्रोनिक पुस्तक अध्याय
KOHA link:https://koha.lib.tpu.ru/cgi-bin/koha/opac-detail.pl?biblionumber=635928

MARC

LEADER 00000naa2a2200000 4500
001 635928
005 20231101133903.0
035 |a (RuTPU)RU\TPU\conf\37785 
035 |a RU\TPU\conf\37784 
090 |a 635928 
100 |a 20230622d2023 k y0rusy50 ca 
101 0 |a rus 
102 |a RU 
105 |a y z 101zy 
135 |a drcn ---uucaa 
181 0 |a i  
182 0 |a b 
200 1 |a Исследование влияния постоянного магнитного поля на асфальтосмолопарафиновые отложения нефти  |f В. М. Гаврилюк  |g науч. рук. Е. В. Попок 
203 |a Текст  |c электронный 
225 1 |a Технология и моделирование процессов подготовки и переработки углеводородного сырья 
230 |a 1 компьютерный файл (pdf; 1 272 Kb) 
300 |a Заглавие с титульного экрана 
320 |a [Библиогр.: с. 54 (2 назв.)] 
461 1 |0 (RuTPU)RU\TPU\conf\37590  |t Химия и химическая технология в XXI веке  |o материалы XXIV Международной научно-практической конференции студентов и молодых ученых имени выдающихся химиков Л. П. Кулёва и Н. М. Кижнера, посвященной 85-летию со дня рождения профессора А. В. Кравцова, Томск, 15-19 мая 2023 г.  |o в 2 т.  |f Национальный исследовательский Томский политехнический университет (ТПУ) ; Инженерная школа природных ресурсов ; Инженерная школа новых производственных технологий ; Исследовательская школа химических и биомедицинских технологий ; Инженерная школа ядерных технологий  |d 2023 
463 1 |0 (RuTPU)RU\TPU\conf\37592  |t Т. 2  |v [С. 53-54]  |d 2023 
610 1 |a труды учёных ТПУ 
610 1 |a электронный ресурс 
610 1 |a постоянные магнитные поля 
610 1 |a асфальтосмолопарафиновые отложения 
610 1 |a нефти 
610 1 |a магнитные свойства 
610 1 |a магнитная память 
700 1 |a Гаврилюк  |b В. М. 
702 1 |a Попок  |b Е. В.  |c химик-технолог  |c доцент Томского политехнического университета, кандидат технических наук  |f 1987-  |g Евгений Владимирович  |2 stltpush  |4 727 
712 0 2 |a Национальный исследовательский Томский политехнический университет  |b Инженерная школа природных ресурсов  |b Отделение химической инженерии  |h 8085  |2 stltpush  |3 (RuTPU)RU\TPU\col\23513 
801 2 |a RU  |b 63413507  |c 20230801  |g RCR 
856 4 |u http://earchive.tpu.ru/handle/11683/76764 
942 |c BK